000 00351nam a2200157Ia 4500
003 Ost
005 20260225132551.0
008 260225s9999||||xx |||||||||||||| ||und||
040 _cfsic
041 _afre
082 _a330.9
100 _aJoshua A.Fishman
_eAuteur
245 0 _aSociolinguistique /
245 0 _cJoshua A.Fishman
942 _cكتاب
999 _c34180
_d34180